00363nam a2200109Ia 4500008004100000020001800041082001900059100002000078245011300098260003300211300000900244210430s9999 xx 000 0 und d a0-12-683265-X a668.9 E 9642 E aToyoichi Tanaka aExperimental Methods in Polmer Science: Modern Methods in polymer research and Technology /cToyoichi Tanaka aLondonbAcademic Pressc2000 a604p